Concise introduction to performance management (Record no. 1312960)

MARC details
000 -LEADER
fixed length control field 01100nam a22002417a 4500
005 - DATE AND TIME OF LATEST TRANSACTION
control field 20250507113600.0
008 - FIXED-LENGTH DATA ELEMENTS--GENERAL INFORMATION
fixed length control field 250507b |||||||| |||| 00| 0 eng d
020 ## - INTERNATIONAL STANDARD BOOK NUMBER
International Standard Book Number 978180392300
037 ## - SOURCE OF ACQUISITION
Terms of availability Textual
040 ## - CATALOGING SOURCE
Original cataloging agency RTL
Transcribing agency RTL
084 ## - COLON CLASSIFICATION NUMBER
Classification number X:92 R3
Assigning agency RTL
100 ## - MAIN ENTRY--PERSONAL NAME
Personal name Bourne, Mike
9 (RLIN) 754902
245 ## - TITLE STATEMENT
Title Concise introduction to performance management
260 ## - PUBLICATION, DISTRIBUTION, ETC.
Place of publication, distribution, etc. Cheltenham
Name of publisher, distributor, etc. Edward Elgar
Date of publication, distribution, etc. 2023
300 ## - PHYSICAL DESCRIPTION
Extent vi, 128 p.: ill.
Other physical details Includes bibliographical references and index
490 ## - SERIES STATEMENT
Series statement Elgar concise introductions
520 ## - SUMMARY, ETC.
Summary, etc. This Concise Introduction describes current approaches to measuring and managing performance in organisations and offers insights into how they may need to evolve as the working environment changes. It demonstrates the need to see performance management in the context of the culture and leadership of the organisation and not as a standalone activity.
650 ## - SUBJECT ADDED ENTRY--TOPICAL TERM
Topical term or geographic name entry element Performance--Management
9 (RLIN) 449370
650 ## - SUBJECT ADDED ENTRY--TOPICAL TERM
Topical term or geographic name entry element Management
650 ## - SUBJECT ADDED ENTRY--TOPICAL TERM
Topical term or geographic name entry element Business Performance
9 (RLIN) 754903
700 ## - ADDED ENTRY--PERSONAL NAME
Personal name Bourne, Pippa
Relator term Co-author
9 (RLIN) 754904
942 ## - ADDED ENTRY ELEMENTS (KOHA)
Source of classification or shelving scheme Colon Classification (CC)
Koha item type Textbook
Classification part X:92 R3
Suppress in OPAC No
Holdings
Withdrawn status Lost status Source of classification or shelving scheme Damaged status Not for loan Home library Current library Date acquired Total Checkouts Full call number Barcode Date last seen Price effective from Koha item type
    Colon Classification (CC)     Ratan Tata Library Ratan Tata Library 2025-05-07   X:92 R3 RT1528299 2025-05-07 2025-05-07 Textbook
Copyright @ Delhi University Library System